Communication matters / (Record no. 17487)

000 -LEADER
fixed length control field 00517cam a22001815a 4500
020 ## - INTERNATIONAL STANDARD BOOK NUMBER
ISBN 9780078036866 (pbk. : acidfree paper)
020 ## - INTERNATIONAL STANDARD BOOK NUMBER
ISBN 0078036860 (pbk. : acidfree paper)
040 ## - CATALOGING SOURCE
Transcribing agency SITPL
082 ## - DEWEY DECIMAL CLASSIFICATION NUMBER
Classification number 302 MCG 2014 A115 Or.
100 1# - MAIN ENTRY--AUTHOR NAME
Personal name Floyd, Kory,
245 10 - TITLE STATEMENT
Title Communication matters /
250 ## - EDITION STATEMENT
Edition statement 2nd ed.
260 ## - PUBLICATION, DISTRIBUTION, ETC. (IMPRINT)
Place of publication New York :
Name of publisher McGraw-Hill,
Year of publication c2014.
300 ## - PHYSICAL DESCRIPTION
Number of Pages xxx, 381, [63] p. :
Other physical details col. ill. ;
Dimensions 28 cm.
650 #0 - SUBJECT ADDED ENTRY--TOPICAL TERM
Topical Term Communication.
650 #0 - SUBJECT ADDED ENTRY--TOPICAL TERM
Topical Term Interpersonal communication.
942 ## - ADDED ENTRY ELEMENTS (KOHA)
Koha item type ADB
952 ## - LOCATION AND ITEM INFORMATION (KOHA)
Withdrawn status [LOCAL, KOHA] 0
952 ## - LOCATION AND ITEM INFORMATION (KOHA)
Withdrawn status [LOCAL, KOHA] 0
Holdings
Permanent Location Date acquired Koha item type Lost status Shelving location Barcode Current Location Full call number
Library Block A2018-12-03សៀវភៅភាសាអង់គ្លេស A115A36972Library Block A302 MCG 2014 A115 Or.
Library Block A2018-12-03សៀវភៅភាសាអង់គ្លេស A115A35621Library Block A302 MCG 2014 A115 Or.
មជ្ឈមណ្ឌលឯការនៃសាកលវិទ្យាល័យភូមិន្ទកសិកម្មចំការដូង

Powered by Koha